000
00297nam a22001337a 4500
008
170204b xxu||||| |||| 00| 0 eng d
020
_a
9780534080884
041
_a
eng
080
_2
3RD
_a
61
100
_a
3
101
_a
SHM
245
_a
INTERVENTION AND REFLECTION
_c
MUNSON, R
942
_2
udc
_c
BK
999
_c
4586
_d
4586